|
|
|
|
| LEADER |
00000nkm a2200000 a 4500 |
| 001 |
vtls011774200 |
| 003 |
SK-MaSNL |
| 005 |
20260410103942.0 |
| 007 |
kf bo |
| 008 |
230718q1916 xo g kuslo |
| 015 |
|
|
|a SNBG
|
| 035 |
|
|
|a urn:nbn:sk:snk-km00dpy6
|
| 035 |
|
|
|a urn:nbn:sk:snk-km3lxco
|
| 035 |
|
|
|a 3F862FC1-1B15-4576-8770-812AAACDA6AC
|
| 040 |
|
|
|a SNK
|b slo
|c SNK
|e AACR2
|
| 041 |
0 |
|
|a slo
|
| 043 |
|
|
|a e-xo---
|
| 044 |
|
|
|a xo
|c SK
|
| 072 |
|
7 |
|a 908(437)
|x Vlastiveda Česka a Slovenska
|2 konspekt
|
| 080 |
|
|
|a 908(437.6)
|2 2011
|
| 080 |
|
|
|a 728.81
|2 2011
|
| 080 |
|
|
|a 437.6 (
|a 234.372.4)
|2 2011
|
| 080 |
|
|
|a 904(084.121)
|2 2011
|
| 245 |
0 |
0 |
|a Hrad Temätín
|h grafika
|
| 260 |
|
|
|a Nové Mesto n. V.
|b Ján Trnovský, kníhkupectvo
|c [medzi 1916 a 1953?]
|
| 300 |
|
|
|a 1 pohľadnica
|b čiernobiela
|c 9 x 14 cm
|
| 520 |
8 |
|
|a Zobrazenie: Pohľad na zrúcaniny hradu sprava z diaľky. Pohľad na hrad aj s kopcom, na ktorom je postavený. Za ním len diaľka
|
| 610 |
2 |
7 |
|a Tematín (hrad : Slovensko)
|2 SNKKA
|9 1636602
|
| 650 |
0 |
7 |
|a hrady
|2 SNKPH
|9 3039
|
| 651 |
|
7 |
|a Územie európskeho významu Tematínske vrchy (Slovensko)
|2 SNKPHgeo
|9 166363
|
| 655 |
|
7 |
|a geografické pohľadnice
|2 SNKPH
|9 70522
|
| 655 |
|
7 |
|a pohľadnice kultúrnych pamiatok
|2 SNKPH
|9 70523
|
| 752 |
|
|
|a Slovensko
|d Nové Mesto nad Váhom
|
| 852 |
|
|
|a Slovenská národná knižnica
|
| 954 |
|
|
|a pohľadnice pôvodné (slovenské)
|2 lita
|
| 958 |
|
|
|a OND
|
| 958 |
|
|
|a GBN
|
| 958 |
|
|
|a GC
|
| 958 |
|
|
|a EUIPO
|
| 999 |
|
|
|c 1116396
|d 1118326
|
| 952 |
|
|
|a SNK
|b SNK
|y PREZ
|7 0
|p 17A1298153
|o snkSP 111716
|0 0
|1 0
|4 0
|d 2018-08-23
|f 1
|l 0
|r 2026-02-24 18:16:39
|w 2026-02-24
|